000 00622nam a2200229Ia 4500
001 43359
005 20240114003544.0
007 ta
008 080924s1987 g b000 u 465 u
040 _aCotton College,Assam
041 _a465
082 _a824
_bDe 445 Of
100 _aDerrida, Jacques .
245 0 _aOf Spirit: Heidegger and the Question /
_cJacques Derrida.
_hTextual Documents
250 _a1st ed /
260 _aChicago :
_bThe University of Chicago Press ,
_c1987.
653 _aEnglish essays
653 _aPG-English
942 _2ddc
_cBK
999 _c43325
_d43325